Online
Catalog

Buscando un modelo económico en América Latina : (Record no. 13816)

MARC details
000 -CABECERA
campo de control de longitud fija 01448cam a2200313 a 4500
001 - NÚMERO DE CONTROL
campo de control 000014217
005 - FECHA Y HORA DE LA ÚLTIMA TRANSACCIÓN
campo de control 20200929163526.0
008 - DATOS DE LONGITUD FIJA--INFORMACIÓN GENERAL
campo de control de longitud fija 050110s2002 ve a 001 0 spa d
020 ## - NÚMERO INTERNACIONAL ESTÁNDAR DEL LIBRO
Número Internacional Estándar del Libro 9803171836
040 ## - FUENTE DE LA CATALOGACIÓN
Centro catalogador/agencia de origen DO-SdBNP
Centro/agencia transcriptor DLC
Centro/agencia modificador BNPHU
082 ## - NÚMERO DE LA CLASIFICACIÓN DECIMAL DEWEY
Número de clasificación 338.98
Número de documento/Ítem M578b
049 ## - FONDOS LOCALES (OCLC)
Fondos de biblioteca BNGR
100 1# - ENTRADA PRINCIPAL--NOMBRE DE PERSONA
Nombre de persona Mesa-Lago, Carmelo,
Fechas asociadas al nombre 1934-
9 (RLIN) 30940
240 10 - TÍTULO UNIFORME
Título uniforme Market, socialist, and mixed economies. Comparative policy and performance. Chile, Cuba and Costa Rica.
Lenguaje de la obra Español
245 10 - MENCIÓN DE TÍTULO
Título Buscando un modelo económico en América Latina :
Resto del título mercado, socialista o mixto. Chile, Cuba y Costa Rica /
Mención de responsabilidad, etc. Carmelo Mesa-Lago ; colaboración de Alberto Arenas de Mesa ... [et al.].
260 ## - PUBLICACIÓN, DISTRIBUCIÓN, ETC.
Lugar de publicación, distribución, etc. Caracas :
Nombre del editor, distribuidor, etc. Nueva Sociedad ;
-- Universidad Internacional de la Florida,
Fecha de publicación, distribución, etc. 2002.
300 ## - DESCRIPCIÓN FÍSICA
Extensión 681 p. :
Otras características físicas il. ;
Dimensiones 23 cm.
534 ## - NOTA SOBRE LA VERSIÓN ORIGINAL
Encabezamiento principal del original Traducción del idioma inglés:
Mención de título del original Market, socialist, and mixed economies. comparative policy and performance. Chile, Cuba and Costa Rica.
Mención de edición del original Baltimore : The Johns Hopkins University Press, 2000
500 ## - NOTA GENERAL
Nota general Incluye índice temático.
650 #4 - PUNTO DE ACCESO ADICIONAL DE MATERIA--TÉRMINO DE MATERIA
Término de materia o nombre geográfico como elemento de entrada Desarrollo económico
Subdivisión geográfica América Latina
9 (RLIN) 31377
651 #4 - PUNTO DE ACCESO ADICIONAL DE MATERIA--NOMBRE GEOGRÁFICO
Nombre geográfico América Latina
Subdivisión general Condiciones Económicas
9 (RLIN) 5778
650 #4 - PUNTO DE ACCESO ADICIONAL DE MATERIA--TÉRMINO DE MATERIA
Término de materia o nombre geográfico como elemento de entrada Modelos económicos
Subdivisión geográfica América Latina
9 (RLIN) 32117
700 1# - PUNTO DE ACCESO ADICIONAL--NOMBRE DE PERSONA
Nombre de persona Arenas de Mesa, Alberto.
9 (RLIN) 32118
700 1# - PUNTO DE ACCESO ADICIONAL--NOMBRE DE PERSONA
Nombre de persona Brenes, Iván.
9 (RLIN) 32119
700 1# - PUNTO DE ACCESO ADICIONAL--NOMBRE DE PERSONA
Nombre de persona Montecinos, Verónica.
9 (RLIN) 32120
700 1# - PUNTO DE ACCESO ADICIONAL--NOMBRE DE PERSONA
Nombre de persona Samara, Mark.
9 (RLIN) 32121
910 ## - DATOS DE OPCIÓN DEL USUARIO (OCLC)
Datos de opción del usuario Catalogación derivada
910 ## - DATOS DE OPCIÓN DEL USUARIO (OCLC)
Datos de opción del usuario WM
Holdings
Estado de retiro Estado de pérdida Restricciones de uso No para préstamo Código de colección Localización permanente Ubicación/localización actual Ubicación en estantería Fecha de adquisición Número de inventario Total de préstamos Signatura topográfica completa Código de barras Fecha visto por última vez Precio válido a partir de Tipo de ítem Koha Número de copia
        Monografías: Libros y Folletos General General Depósito 07.12.2009 LF1   338.98 M578b 14217-10 25.06.2020 25.06.2020 Préstamo en sala  
    Préstamo restringido Préstamo restrigido Monografías: Libros y Folletos General General Depósito 15.03.2010 LF1   338.98 M578b 14217-20 25.06.2020 25.06.2020 Préstamo en sala e.2

Powered by Koha